000 00426nmm a2200157Ia 4500
008 251105s9999||||xx |||||||||||||||||und||
020 _a9788435060486
041 _aspa
100 _aCornwell, Bernard
245 0 _aArqueros del Rey I
264 _a[Madrid, España] :
_bEdhasa,
_c2002
300 _a524 páginas
650 _aHistorical fiction
856 _uhttps://public.digitaliapublishing.com/a/103675
942 _cCF
999 _c82188
_d82188